<?xml version="1.0" encoding="UTF-8"?>
<marc:record xmlns:marc="http://www.loc.gov/MARC21/slim">
   <marc:leader>00000nam a2200000 a 4500</marc:leader>
   <marc:datafield ind1="1" ind2=" " tag="100">
      <marc:subfield code="a">Fortune, Carley</marc:subfield>
      <marc:subfield code="4">aut</marc:subfield>
      <marc:subfield code="e">Verfasser/-in</marc:subfield>
   </marc:datafield>
   <marc:datafield ind1="0" ind2="0" tag="245">
      <marc:subfield code="a">Der Sturm zwischen uns</marc:subfield>
   </marc:datafield>
   <marc:datafield ind1=" " ind2="1" tag="264">
      <marc:subfield code="b">Penguin</marc:subfield>
      <marc:subfield code="c">2026</marc:subfield>
   </marc:datafield>
   <marc:datafield ind1="1" ind2=" " tag="520">
      <marc:subfield code="a">Niemals hätte Frankie erwartet, dass sie dieses Schicksal ereilen wird. Kurz vor der Hochzeit lässt ihr Verlobter ihre gemeinsame Zukunft platzen. Mit gebrochenem Herzen kehrt Frankie zu ihrer Familie zurück, um sich in ihrem Elend zu suhlen, doch sie hat die Rechnung ohne ihren besten Freund George gemacht. Er möchte, dass Frankie in die Flitterwochen fährt. Mit ihm.</marc:subfield>
   </marc:datafield>
   <marc:datafield ind1=" " ind2=" " tag="020">
      <marc:subfield code="a">9783328114598</marc:subfield>
      <marc:subfield code="9">9783328114598</marc:subfield>
   </marc:datafield>
</marc:record>
